MAN AND THE LIUING WORLD (Record no. 9173)

MARC details
000 -LEADER
fixed length control field 00403nam a22001697a 4500
003 - CONTROL NUMBER IDENTIFIER
control field OSt
005 - DATE AND TIME OF LATEST TRANSACTION
control field 20211004164045.0
008 - FIXED-LENGTH DATA ELEMENTS--GENERAL INFORMATION
fixed length control field 211004b |||||||| |||| 00| 0 eng d
040 ## - CATALOGING SOURCE
Transcribing agency HAWASSA UNIVERSITY
050 ## - LIBRARY OF CONGRESS CALL NUMBER
Classification number 574/FRI
Item number 1
082 ## - DEWEY DECIMAL CLASSIFICATION NUMBER
Classification number 574/FRI
Item number 1
100 ## - MAIN ENTRY--PERSONAL NAME
Personal name FRISCH VON
9 (RLIN) 9812
245 ## - TITLE STATEMENT
Title MAN AND THE LIUING WORLD
260 ## - PUBLICATION, DISTRIBUTION, ETC.
Place of publication, distribution, etc. NEW YORK
Name of publisher, distributor, etc. INC
Date of publication, distribution, etc. 1949
300 ## - PHYSICAL DESCRIPTION
Extent xi/304
942 ## - ADDED ENTRY ELEMENTS (KOHA)
Source of classification or shelving scheme Dewey Decimal Classification
Koha item type Books like text book referance book
Suppress in OPAC No
Holdings
Withdrawn status Lost status Source of classification or shelving scheme Damaged status Not for loan Home library Current library Date acquired Total Checkouts Full call number Barcode Date last seen Copy number Price effective from Koha item type
    Dewey Decimal Classification     College of Agriculture Library College of Agriculture Library 10/04/2021   574/FRI ALIB0007543 10/04/2021 1 10/04/2021 Books like text book referance book
    Dewey Decimal Classification     College of Agriculture Library College of Agriculture Library 10/04/2021   574/FRI ALIB0007544 10/04/2021 2 10/04/2021 Books like text book referance book
    Dewey Decimal Classification     College of Agriculture Library College of Agriculture Library 10/04/2021   574/FRI ALIB0007545 10/04/2021 3 10/04/2021 Books like text book referance book